Concurrencia y mercado común / (Record no. 80872)

MARC details
000 -LEADER
campo de control de longitud fija 00641nam a2200193 i 4500
001 - NÚMERO DE CONTROL
campo de control 80872
003 - IDENTIFICADOR DE NÚMERO DE CONTROL
campo de control ES-MaACL
005 - FECHA Y HORA DE LA ÚLTIMA TRANSACCIÓN
campo de control 20230906174322.0
007 - CAMPO FIJO DE DESCRIPCIÓN FÍSICA--INFORMACIÓN GENERAL
campo de control de longitud fija t|
008 - DATOS DE LONGITUD FIJA--INFORMACIÓN GENERAL
campo de control de longitud fija 041102s1962 sp ||||1| spa d
100 1# - ENTRADA PRINCIPAL--NOMBRE DE PERSONA
Nombre de persona Houssiaux, Jacques.
9 (RLIN) 64357
245 10 - MENCIÓN DEL TÍTULO
Título Concurrencia y mercado común /
Mención de responsabilidad, etc. por Jacques Houssiaux ; por prefacio por André Marchal ; traducido por Fernando de la Puente y F. Ullivarri.
260 ## - PUBLICACIÓN, DISTRIBUCIÓN, ETC.
Lugar de publicación, distribución, etc. Bilbao :
Nombre del editor, distribuidor, etc. Deusto,
Fecha de publicación, distribución, etc. [1962]
300 ## - DESCRIPCIÓN FÍSICA
Extensión 266 p. ;
Dimensiones 24 cm.
700 1# - ENTRADA AGREGADA--NOMBRE PERSONAL
Nombre de persona Marchal, André.
9 (RLIN) 76404
700 1# - ENTRADA AGREGADA--NOMBRE PERSONAL
Nombre de persona Puente, Fernando de la.
9 (RLIN) 94141
700 1# - ENTRADA AGREGADA--NOMBRE PERSONAL
Nombre de persona Ullivarri, F.
9 (RLIN) 111928
852 ## - LOCALIZACIÓN
Ubicación ES-MaACL
Número de control de estantería C-22763
Sublocalización o colección R.51576
Holdings
Estatus retirado Estado de pérdida Estado de daño No para préstamo Biblioteca de origen Biblioteca actual Ubicación en estantería Fecha de adquisición Fuente de adquisición Total de préstamos Signatura topográfica completa Código de barras Visto por última vez Precio de reemplazo Tipo de ítem Koha
        Biblioteca del Ateneo de Madrid Biblioteca del Ateneo de Madrid Galería 17/01/2008     C-22763 1084548 23/02/2023 23/02/2023 Libro impreso